[Event "SRB-chT (Women) Div1"]
[Site "Senta"]
[Date "2023.10.19"]
[Round "10.3"]
[White "Blagojevic, Tijana"]
[Black "Brankov, Kristina"]
[Result "1-0"]
[WhiteElo "2164"]
[BlackElo "1846"]
[PlyCount "73"]
[EventDate "2023.10.10"]
[EventType "team-tourn"]
[EventRounds "11"]
[EventCountry "SRB"]
[SourceTitle "Mega2024 Update 01"]
[Source "Chessbase"]
[SourceDate "2023.11.12"]
[SourceVersion "1"]
[SourceVersionDate "2023.11.12"]
[SourceQuality "1"]
[WhiteTeam "Sremska Mitrovica Sirmium (W)"]
[BlackTeam "Belgrade Vidikovac (W)"]
[WhiteTeamCountry "SRB"]
[BlackTeamCountry "SRB"]

1. e4 c5 2. Nf3 d6 3. d4 cxd4 4. Qxd4 Nc6 5. Qe3 Nf6 6. Be2 e6 7. 0-0 Be7 8. c4 0-0 9. h3 Bd7 10. Nc3 Nb4 11. Rb1 Nc6 12. b3 a6 13. Rd1 Qc7 14. Ba3 Rfd8 15. Rd2 Ne8 16. Rbd1 Qa5 17. Bb2 Bf6 18. c5 d5 19. exd5 exd5 20. Nxd5 Bxb2 21. Rxb2 Be6 22. b4 Qa4 23. Nb6 Qxd1+ 24. Bxd1 Rxd1+ 25. Kh2 Rad8 26. a4 Nf6 27. Qf4 Nd5 28. Nxd5 R1xd5 29. Qc7 R8d7 30. Qc8+ Nd8 31. c6 Re7 32. cxb7 Rxb7 33. Qa8 Rd6 34. Rd2 Bd5 35. Qc8 Rbd7 36. Ne5 Bb7 37. Qxd7 1-0

[Event "SRB-chT (Women) Div1"]
[Site "Senta"]
[Date "2023.10.17"]
[Round "8.3"]
[White "Mehmed, Elif"]
[Black "Brankov, Kristina"]
[Result "1-0"]
[WhiteElo "2133"]
[BlackElo "1846"]
[PlyCount "57"]
[EventDate "2023.10.10"]
[EventType "team-tourn"]
[EventRounds "11"]
[EventCountry "SRB"]
[SourceTitle "Mega2024 Update 01"]
[Source "Chessbase"]
[SourceDate "2023.11.12"]
[SourceVersion "1"]
[SourceVersionDate "2023.11.12"]
[SourceQuality "1"]
[WhiteTeam "Pirot Cast i Slava (W)"]
[BlackTeam "Belgrade Vidikovac (W)"]
[WhiteTeamCountry "SRB"]
[BlackTeamCountry "SRB"]

1. e4 Nf6 2. e5 Nd5 3. d4 d6 4. Nf3 dxe5 5. Nxe5 c6 6. Bc4 Be6 7. Bb3 Nd7 8. Nf3 Bg4 9. h3 Bh5 10. 0-0 e6 11. c4 N5f6 12. Re1 Bb4 13. Nc3 0-0 14. Bf4 Qa5 15. Re3 Rad8 16. Qe2 Rfe8 17. Rd1 c5 18. Nb5 cxd4 19. Bc7 b6 20. Rxd4 Rc8 21. Bd6 Bxf3 22. Qxf3 Bc5 23. Bxc5 Rxc5 24. Nd6 Ne5 25. Rxe5 Rxe5 26. Nxe8 Re1+ 27. Kh2 Qe5+ 28. Qg3 Qxd4 29. Qxg7# 1-0

[Event "SRB-chT (Women) Div1"]
[Site "Senta"]
[Date "2023.10.16"]
[Round "7.3"]
[White "Bokan, Jelena"]
[Black "Brankov, Kristina"]
[Result "1-0"]
[WhiteElo "1881"]
[BlackElo "1846"]
[PlyCount "53"]
[EventDate "2023.10.10"]
[EventType "team-tourn"]
[EventRounds "11"]
[EventCountry "SRB"]
[SourceTitle "Mega2024 Update 01"]
[Source "Chessbase"]
[SourceDate "2023.11.12"]
[SourceVersion "1"]
[SourceVersionDate "2023.11.12"]
[SourceQuality "1"]
[WhiteTeam "Novi Sad Sah Kruzok (W)"]
[BlackTeam "Belgrade Vidikovac (W)"]
[WhiteTeamCountry "SRB"]
[BlackTeamCountry "SRB"]

1. e4 c5 2. Nf3 d6 3. d4 cxd4 4. Nxd4 Nf6 5. Nc3 Bd7 6. Bc4 Nc6 7. f3 g6 8. Be3 Bg7 9. Qd2 Nxd4 10. Bxd4 0-0 11. 0-0-0 Qc7 12. Bb3 Bc6 13. g4 b5 14. g5 Nh5 15. Bxg7 Kxg7 16. f4 a5 17. Bd5 b4 18. Bxc6 Qxc6 19. Nd5 Qc4 20. b3 Qxe4 21. Rhe1 Qf5 22. Rxe7 Rac8 23. Re2 Rfe8 24. Qd4+ Kg8 25. Rdd2 Qd7 26. Nb6 Qa7 27. Nxc8 1-0

[Event "SRB-ch sf (Women)"]
[Site "Novi Banovci"]
[Date "2023.02.06"]
[Round "1"]
[White "Brankov, Kristina"]
[Black "Drljevic, Ljilja"]
[Result "0-1"]
[WhiteElo "1887"]
[BlackElo "2165"]
[PlyCount "68"]
[EventDate "2023.02.06"]
[EventType "swiss"]
[EventRounds "7"]
[EventCountry "SRB"]
[SourceTitle "CBM 212 Extra"]
[Source "ChessBase"]
[SourceDate "2023.03.31"]
[SourceVersion "1"]
[SourceVersionDate "2023.03.31"]
[SourceQuality "1"]

1. e4 g6 2. d4 Bg7 3. Nf3 d6 4. Nc3 a6 5. Be3 b5 6. Bd3 Bb7 7. Qd2 Nf6 8. a3 Ng4 9. Bg5 c5 10. d5 h6 11. Bh4 Nd7 12. 0-0 0-0 13. h3 Ngf6 14. Rfe1 Rc8 15. Bf1 Re8 16. Bg3 Qb6 17. Kh1 c4 18. Ng1 Nh5 19. Bh2 Nc5 20. f4 e6 21. Nf3 exd5 22. exd5 Nf6 23. Rxe8+ Rxe8 24. Bg1 Qc7 25. Bxc5 Qxc5 26. Rd1 Nh5 27. Kh2 Kf8 28. g3 Qe3 29. Bg2 Bxc3 30. bxc3 Qxd2 31. Rxd2 Re3 32. Nd4 Nxg3 33. Nf3 Rxf3 34. Bxf3 Nf1+ 0-1

[Event "SRB-chT (Women) Div1"]
[Site "Vrnjacka Banja"]
[Date "2021.09.14"]
[Round "9.2"]
[White "Brankov, Kristina"]
[Black "Eric, Jovana"]
[Result "0-1"]
[WhiteElo "1887"]
[BlackElo "2269"]
[PlyCount "118"]
[EventDate "2021.09.07"]
[EventType "tourn"]
[EventRounds "11"]
[EventCountry "SRB"]
[SourceTitle "CBM 204 Extra"]
[Source "ChessBase"]
[SourceDate "2021.11.30"]
[SourceVersion "1"]
[SourceVersionDate "2021.11.30"]
[SourceQuality "1"]
[WhiteTeam "Belgrade Vidikovac (W)"]
[BlackTeam "Sremska Mitrovica Sirmium (W)"]
[WhiteTeamCountry "SRB"]
[BlackTeamCountry "SRB"]

1. e4 c5 2. Nf3 d6 3. Bb5+ Nc6 4. c3 Bd7 5. 0-0 Nf6 6. Re1 a6 7. Ba4 b5 8. Bc2 e5 9. d4 Be7 10. d5 Na5 11. Nbd2 0-0 12. b3 Re8 13. Nf1 Bf8 14. h3 g6 15. Ng3 Bg7 16. Be3 h6 17. Qd2 Kh7 18. Nh2 Ng8 19. Rad1 Nb7 20. c4 Rb8 21. Kh1 bxc4 22. bxc4 Na5 23. Bd3 Rb4 24. Qe2 Qh4 25. Rb1 Reb8 26. Qc2 Qd8 27. a3 Ba4 28. Qe2 Rb3 29. Bd2 Rxb1 30. Rxb1 Nb3 31. Be3 Nd4 32. Qd2 Rxb1+ 33. Bxb1 Qb6 34. Ba2 Nc2 35. Qc3 Nxe3 36. fxe3 Bf6 37. Nf3 Bd8 38. Kh2 Nf6 39. Nd2 h5 40. Ne2 Qb7 41. Qc1 Qe7 42. Nc3 Bd7 43. Nf3 Ba5 44. Bb1 Kg7 45. Qb2 Nh7 46. Ne2 Ng5 47. Neg1 Be8 48. Qb8 Nxf3+ 49. Nxf3 Ba4 50. Qa8 Bd1 51. Qxa6 Bc3 52. Ng1 Qg5 53. Qxd6 Qxe3 54. h4 Bd4 55. Nh3 Bg4 56. Qe7 Bxh3 57. Qg5 Qg1+ 58. Kxh3 f6 59. Qd2 Bf2 0-1

[Event "SRB-chT (Women) Div1"]
[Site "Vrnjacka Banja"]
[Date "2021.09.13"]
[Round "8.2"]
[White "Belic, Jordanka"]
[Black "Brankov, Kristina"]
[Result "1-0"]
[WhiteElo "2288"]
[BlackElo "1887"]
[PlyCount "72"]
[EventDate "2021.09.07"]
[EventType "tourn"]
[EventRounds "11"]
[EventCountry "SRB"]
[SourceTitle "CBM 204 Extra"]
[Source "ChessBase"]
[SourceDate "2021.11.30"]
[SourceVersion "1"]
[SourceVersionDate "2021.11.30"]
[SourceQuality "1"]
[WhiteTeam "Novi Varos Zlatar (W)"]
[BlackTeam "Belgrade Vidikovac (W)"]
[WhiteTeamCountry "SRB"]
[BlackTeamCountry "SRB"]

1. e4 c6 2. d4 d5 3. Nd2 dxe4 4. Nxe4 Nf6 5. Nxf6+ exf6 6. Bc4 Bd6 7. Qe2+ Qe7 8. Qxe7+ Kxe7 9. Ne2 Bf5 10. c3 Nd7 11. Bf4 Rhe8 12. Bxd6+ Kxd6 13. Bxf7 Re7 14. Bh5 g6 15. Bf3 Rae8 16. Kd2 g5 17. h3 Nb6 18. b3 Nd5 19. Rae1 Bg6 20. Bxd5 Kxd5 21. c4+ Kd6 22. Nc3 b6 23. Rxe7 Rxe7 24. Re1 Rf7 25. f3 f5 26. d5 cxd5 27. Nxd5 f4 28. Kc3 Bf5 29. Kd4 Bg6 30. b4 Bf5 31. c5+ bxc5+ 32. bxc5+ Kd7 33. Re5 h6 34. h4 g4 35. c6+ Kd6 36. c7 Rf8 1-0

[Event "SRB-chT (Women) Div1"]
[Site "Vrnjacka Banja"]
[Date "2021.09.11"]
[Round "6.2"]
[White "Drljevic, Ljilja"]
[Black "Brankov, Kristina"]
[Result "0-1"]
[WhiteElo "2181"]
[BlackElo "1887"]
[PlyCount "118"]
[EventDate "2021.09.07"]
[EventType "tourn"]
[EventRounds "11"]
[EventCountry "SRB"]
[SourceTitle "CBM 204 Extra"]
[Source "ChessBase"]
[SourceDate "2021.11.30"]
[SourceVersion "1"]
[SourceVersionDate "2021.11.30"]
[SourceQuality "1"]
[WhiteTeam "Belgrade Bas (W)"]
[BlackTeam "Belgrade Vidikovac (W)"]
[WhiteTeamCountry "SRB"]
[BlackTeamCountry "SRB"]

1. e4 c5 2. d3 Nc6 3. g3 e6 4. Bg2 d5 5. Nd2 Nf6 6. Ngf3 Be7 7. 0-0 0-0 8. Re1 Qc7 9. e5 Nd7 10. Qe2 b5 11. h4 Bb7 12. Nf1 Rac8 13. Bf4 Nd4 14. Nxd4 cxd4 15. Rec1 b4 16. Nh2 Rfe8 17. Nf3 Qb6 18. Rab1 Rc6 19. c3 dxc3 20. bxc3 a5 21. h5 h6 22. g4 Rec8 23. cxb4 Rxc1+ 24. Bxc1 axb4 25. g5 hxg5 26. Bxg5 Bxg5 27. Nxg5 Qd4 28. Nf3 Qf4 29. Qb2 Ba6 30. Rd1 Nc5 31. d4 Nd3 32. Qe2 Rc1 33. Rxc1 Qxc1+ 34. Bf1 Qf4 35. Bg2 Qg4 36. Qe3 Bc4 37. h6 Nf4 38. Ne1 Ne2+ 39. Kh2 Qh4+ 40. Bh3 Qxh6 41. Nc2 Nf4 42. Nxb4 Bf1 43. Kg3 Nxh3 44. Qxh6 gxh6 45. f4 h5 46. a4 h4+ 47. Kg4 Ng1 48. Kxh4 Nf3+ 49. Kg3 Nxd4 50. Kf2 Bc4 51. Ke3 Nb3 52. f5 d4+ 53. Kf4 exf5 54. Kxf5 d3 55. Na2 Nd4+ 56. Ke4 Bxa2 57. Ke3 Nc6 58. Ke4 Kf8 59. Kf5 Ke7 0-1

[Event "EU-ch (Women) 14th"]
[Site "Belgrade"]
[Date "2013.08.01"]
[Round "9"]
[White "Nikolovska, Dragana"]
[Black "Brankov, Kristina"]
[Result "1-0"]
[WhiteElo "1848"]
[BlackElo "1903"]
[PlyCount "51"]
[EventDate "2013.07.23"]
[EventType "swiss"]
[EventRounds "11"]
[EventCountry "SRB"]
[SourceTitle "CBM 155 Extra"]
[Source "ChessBase"]
[SourceDate "2013.08.26"]
[SourceVersion "1"]
[SourceVersionDate "2013.08.26"]
[SourceQuality "1"]

1. d4 Nf6 2. Nc3 d5 3. e4 dxe4 4. f3 e3 5. Bxe3 e6 6. Bd3 Nd5 7. Nxd5 exd5 8. Ne2 Bd6 9. c3 Nc6 10. 0-0 Ne7 11. Qc2 c6 12. Bg5 Qc7 13. f4 Bg4 14. Rae1 f6 15. Bh4 0-0-0 16. b4 Ng6 17. Bg3 Bxe2 18. Qxe2 Nxf4 19. Bxf4 Bxf4 20. Qg4+ Kb8 21. Qxf4 Rd6 22. Re3 h5 23. Rfe1 Rhd8 24. Bg6 a5 25. Re7 Qb6 26. R1e6 1-0

[Event "EU-ch (Women) 14th"]
[Site "Belgrade"]
[Date "2013.07.24"]
[Round "2"]
[White "Brankov, Kristina"]
[Black "Ibrahimova, Sabina Oqtay"]
[Result "0-1"]
[WhiteElo "1903"]
[BlackElo "2168"]
[PlyCount "62"]
[EventDate "2013.07.23"]
[EventType "swiss"]
[EventRounds "11"]
[EventCountry "SRB"]
[SourceTitle "CBM 155 Extra"]
[Source "ChessBase"]
[SourceDate "2013.08.26"]
[SourceVersion "1"]
[SourceVersionDate "2013.08.26"]
[SourceQuality "1"]

1. e4 c5 2. Nc3 Nc6 3. Bb5 Nd4 4. Bc4 e6 5. d3 a6 6. Nge2 b5 7. Bb3 Nxb3 8. axb3 b4 9. Nb1 Nf6 10. Bg5 Qc7 11. 0-0 Be7 12. f4 d6 13. Nd2 h6 14. Bh4 0-0 15. Nc4 d5 16. e5 Ng4 17. Bxe7 Qxe7 18. Ng3 Qh4 19. h3 Qxg3 20. Qxg4 Qxg4 21. hxg4 dxc4 22. bxc4 Bb7 23. Ra5 Rac8 24. Re1 Rfd8 25. Re3 Rd4 26. g3 g5 27. f5 Rxg4 28. f6 h5 29. Kh2 h4 30. gxh4 Rg2+ 31. Kh3 g4# 0-1

[Event "Battle of Senta op-B 15th"]
[Site "Senta"]
[Date "2011.07.17"]
[Round "2"]
[White "Brankov, Kristina"]
[Black "Pajzer, Istvan"]
[Result "0-1"]
[WhiteElo "1915"]
[BlackElo "2144"]
[PlyCount "68"]
[EventDate "2011.07.16"]
[EventType "swiss"]
[EventRounds "9"]
[EventCountry "SRB"]
[SourceTitle "EXT 2019"]
[Source "ChessBase"]
[SourceDate "2018.10.10"]
[SourceVersion "1"]
[SourceVersionDate "2018.10.10"]
[SourceQuality "1"]

1. e4 c5 2. Nf3 d6 3. d4 cxd4 4. Nxd4 Nf6 5. Nc3 a6 6. Rg1 b5 7. g4 Bb7 8. g5 Nxe4 9. Nxe4 Bxe4 10. Qg4 Bb7 11. Bg2 Qc7 12. Be3 g6 13. h4 Nd7 14. f4 e5 15. Bxb7 Qxb7 16. Nb3 Qe4 17. Qe2 Bg7 18. c3 0-0 19. Nd2 Qf5 20. Qg4 Qxg4 21. Rxg4 Rfe8 22. 0-0-0 Rac8 23. Kb1 d5 24. Nf3 d4 25. cxd4 exf4 26. Bc1 Re2 27. Rxf4 Nb6 28. Re1 Rf2 29. Ne5 Rxc1+ 30. Kxc1 Rxf4 31. Nc6 Bf8 32. Re8 Kg7 33. Rb8 Nd5 34. Rd8 Nb4 0-1

[Event "SRB-ch (Women)"]
[Site "Belgrade"]
[Date "2011.04.22"]
[Round "11"]
[White "Brankov, Kristina"]
[Black "Maksimovic, Suzana"]
[Result "0-1"]
[WhiteElo "1898"]
[BlackElo "2203"]
[PlyCount "72"]
[EventDate "2011.04.11"]
[EventType "tourn"]
[EventRounds "11"]
[EventCountry "SRB"]
[SourceTitle "CBM 141 Extra"]
[Source "ChessBase"]
[SourceDate "2011.05.03"]
[SourceVersion "1"]
[SourceVersionDate "2011.05.03"]
[SourceQuality "1"]

1. e4 c5 2. Nc3 Nc6 3. Bb5 Nd4 4. Bc4 g6 5. Nf3 Bg7 6. Nxd4 cxd4 7. Qf3 Nh6 8. d3 0-0 9. Ne2 d6 10. Bxh6 Bxh6 11. Nxd4 Bg7 12. c3 Bxd4 13. cxd4 Qa5+ 14. Kf1 Qb6 15. Qe3 Qxb2 16. Re1 Be6 17. d5 Bd7 18. h4 b5 19. Bb3 Rfc8 20. h5 Qg7 21. h6 Qf6 22. d4 b4 23. e5 Qf5 24. g3 Rc3 25. Qe4 a5 26. e6 Bb5+ 27. Kg1 Qxe4 28. exf7+ Kf8 29. Rxe4 a4 30. Bd1 Bc4 31. f3 Bxd5 32. Rhh4 b3 33. axb3 a3 34. Reg4 Bxf7 35. d5 a2 36. Ra4 a1Q 0-1

[Event "SRB-ch (Women)"]
[Site "Belgrade"]
[Date "2011.04.21"]
[Round "10"]
[White "Stojanovic, Andjelija"]
[Black "Brankov, Kristina"]
[Result "1-0"]
[WhiteElo "2318"]
[BlackElo "1898"]
[PlyCount "113"]
[EventDate "2011.04.11"]
[EventType "tourn"]
[EventRounds "11"]
[EventCountry "SRB"]
[SourceTitle "CBM 141 Extra"]
[Source "ChessBase"]
[SourceDate "2011.05.03"]
[SourceVersion "1"]
[SourceVersionDate "2011.05.03"]
[SourceQuality "1"]

1. Nf3 Nf6 2. c4 e6 3. g3 c5 4. Bg2 Be7 5. 0-0 Nc6 6. d4 d5 7. dxc5 dxc4 8. Qa4 Qa5 9. Qxc4 Qxc5 10. Qxc5 Bxc5 11. Nc3 0-0 12. Bf4 Nd7 13. Bc7 Re8 14. Rfd1 Nb6 15. Rac1 Bf8 16. Nd4 Nxd4 17. Rxd4 e5 18. Rdd1 f5 19. Nb5 a6 20. Nd6 Bxd6 21. Rxd6 Nd7 22. Bd5+ Kh8 23. Bxb7 Bxb7 24. Rxd7 Rac8 25. Rc3 h6 26. e3 e4 27. h4 Re6 28. Ba5 Bc6 29. Ra7 Rce8 30. Rxa6 Bb5 31. Rxe6 Rxe6 32. Rc8+ Kh7 33. Bc3 Re7 34. Rc5 Be2 35. Rxf5 Rd7 36. Bd4 Rb7 37. Kh2 Kg6 38. Rc5 Kf7 39. Rc2 Bd3 40. Rc5 Be2 41. g4 Bxg4 42. Kg3 Be2 43. Kf4 Bd3 44. Ke5 Ra7 45. a3 Ra6 46. Rc7+ Kg6 47. Kf4 Kh5 48. Rxg7 Kxh4 49. Rg3 Kh5 50. Kf5 Ra5+ 51. Be5 Kh4 52. Rg2 Rxe5+ 53. Kxe5 Kh3 54. Rg3+ Kh2 55. Kf5 h5 56. Kg5 Be2 57. b4 1-0

[Event "SRB-ch (Women)"]
[Site "Belgrade"]
[Date "2011.04.19"]
[Round "8"]
[White "Miladinovic, Lena"]
[Black "Brankov, Kristina"]
[Result "0-1"]
[WhiteElo "2086"]
[BlackElo "1898"]
[PlyCount "78"]
[EventDate "2011.04.11"]
[EventType "tourn"]
[EventRounds "11"]
[EventCountry "SRB"]
[SourceTitle "CBM 141 Extra"]
[Source "ChessBase"]
[SourceDate "2011.05.03"]
[SourceVersion "1"]
[SourceVersionDate "2011.05.03"]
[SourceQuality "1"]

1. d4 Nf6 2. Nf3 e6 3. e3 b6 4. Bd3 Bb7 5. 0-0 Be7 6. c4 0-0 7. Nc3 d6 8. d5 Nbd7 9. Bc2 e5 10. e4 Ne8 11. Rb1 a5 12. a3 g6 13. b4 axb4 14. axb4 Bc8 15. Bh6 Ng7 16. Qd2 Nf6 17. h3 Nfe8 18. Ra1 Rxa1 19. Rxa1 f5 20. Ra8 fxe4 21. Nxe4 Nf6 22. Neg5 Nfh5 23. Ba4 Bxg5 24. Bxg5 Nf6 25. Bc6 Qe7 26. Ra7 Qf7 27. Bh6 Ne4 28. Qe2 Bf5 29. Nh4 Nc3 30. Qe3 Bd3 31. Bxg7 Kxg7 32. Qxd3 Qxf2+ 33. Kh1 Ne2 34. Ra1 Nf4 35. Qe4 Qxh4 36. c5 Qg3 37. cxd6 Nxh3 38. gxh3 Rf2 39. Qxe5+ Qxe5 0-1

[Event "SRB-ch (Women)"]
[Site "Belgrade"]
[Date "2011.04.18"]
[Round "7"]
[White "Brankov, Kristina"]
[Black "Panic, Anastasija"]
[Result "0-1"]
[WhiteElo "1898"]
[BlackElo "1894"]
[PlyCount "44"]
[EventDate "2011.04.11"]
[EventType "tourn"]
[EventRounds "11"]
[EventCountry "SRB"]
[SourceTitle "CBM 141 Extra"]
[Source "ChessBase"]
[SourceDate "2011.05.03"]
[SourceVersion "1"]
[SourceVersionDate "2011.05.03"]
[SourceQuality "1"]

1. e4 c5 2. Nc3 Nc6 3. Bb5 g6 4. Bxc6 dxc6 5. d3 Bg7 6. Be3 b6 7. Qd2 e5 8. Nge2 Nf6 9. Bh6 0-0 10. Bxg7 Kxg7 11. Ng3 Be6 12. f4 exf4 13. Qxf4 c4 14. 0-0-0 cxd3 15. h4 Qb8 16. e5 Ng4 17. Rde1 f6 18. exf6+ Rxf6 19. Qg5 Qxg3 20. Rhf1 Qxg2 21. cxd3 Rxf1 22. Qe7+ Bf7 0-1

[Event "SRB-ch (Women)"]
[Site "Belgrade"]
[Date "2011.04.15"]
[Round "5"]
[White "Dragojevic, Marija"]
[Black "Brankov, Kristina"]
[Result "0-1"]
[WhiteElo "1985"]
[BlackElo "1898"]
[PlyCount "68"]
[EventDate "2011.04.11"]
[EventType "tourn"]
[EventRounds "11"]
[EventCountry "SRB"]
[SourceTitle "CBM 141 Extra"]
[Source "ChessBase"]
[SourceDate "2011.05.03"]
[SourceVersion "1"]
[SourceVersionDate "2011.05.03"]
[SourceQuality "1"]

1. e4 c5 2. Nf3 d6 3. c3 Nf6 4. Be2 Nc6 5. d3 e6 6. 0-0 Be7 7. h3 0-0 8. Be3 Qc7 9. Nbd2 d5 10. Qc2 e5 11. d4 b6 12. dxe5 Nxe5 13. Nxe5 Qxe5 14. f4 Qc7 15. e5 Nd7 16. Bd3 g6 17. e6 fxe6 18. Bxg6 Nf6 19. Bd3 c4 20. Be2 Bc5 21. Bxc5 bxc5 22. Qc1 Kh8 23. Nf3 Rg8 24. Ne5 Qg7 25. Bf3 Nd7 26. Nxc4 Ba6 27. b3 Raf8 28. Re1 dxc4 29. Rxe6 Bc8 30. Qe3 Qg3 31. Rh6 Rxf4 32. Qe7 Rg7 33. Qe8+ Rf8 34. Qh5 Rxf3 0-1

[Event "SRB-ch U20 Girls"]
[Site "Banja Vrujci"]
[Date "2010.07.23"]
[Round "8"]
[White "Brankov, Kristina"]
[Black "Nonkovic, Bogdana"]
[Result "1-0"]
[WhiteElo "1901"]
[BlackElo "1815"]
[PlyCount "43"]
[EventDate "2010.07.16"]
[EventType "tourn"]
[EventRounds "9"]
[EventCountry "SRB"]
[SourceTitle "EXT 2012"]
[Source "ChessBase"]
[SourceDate "2011.11.24"]
[SourceVersion "1"]
[SourceVersionDate "2011.11.24"]
[SourceQuality "1"]

1. e4 d6 2. d4 Nf6 3. Nc3 e5 4. Nf3 Nbd7 5. g4 Nxg4 6. Rg1 Ngf6 7. Bc4 h6 8. Be3 c6 9. dxe5 dxe5 10. Qd3 b5 11. Bxf7+ Kxf7 12. Nxe5+ Nxe5 13. Qxd8 Nf3+ 14. Kd1 Nxg1 15. Kc1 Rg8 16. Qc7+ Be7 17. e5 Nh7 18. Ne4 Rd8 19. Nd6+ Kf8 20. Bc5 Bd7 21. Nb7 Ng5 22. Nxd8 1-0

[Event "Senta op-A 13th"]
[Site "Senta"]
[Date "2009.07.19"]
[Round "2"]
[White "Jovanovic, Zoran"]
[Black "Brankov, Kristina"]
[Result "1-0"]
[WhiteElo "2325"]
[BlackElo "1902"]
[PlyCount "125"]
[EventDate "2009.07.18"]
[EventType "swiss"]
[EventRounds "9"]
[EventCountry "YUG"]
[SourceTitle "CBM 131 Extra"]
[Source "ChessBase"]
[SourceDate "2009.09.03"]
[SourceVersion "2"]
[SourceVersionDate "2009.09.16"]
[SourceQuality "1"]

1. d4 Nf6 2. c4 e6 3. Nf3 Bb4+ 4. Bd2 Qe7 5. g3 Nc6 6. Bg2 0-0 7. 0-0 Bxd2 8. Qxd2 d6 9. Nc3 e5 10. Rfc1 Re8 11. d5 Nb8 12. b4 Ng4 13. e4 f5 14. exf5 Bxf5 15. Ng5 h6 16. Ne6 Bxe6 17. dxe6 c6 18. Bh3 Nf6 19. b5 a6 20. a4 Rd8 21. Qe3 g5 22. Bf5 Ne8 23. h4 Ng7 24. Bh3 Nxe6 25. Bxe6+ Qxe6 26. hxg5 Nd7 27. gxh6 Kh7 28. Ne4 Qxh6 29. Qxh6+ Kxh6 30. Nxd6 Rf8 31. Nxb7 cxb5 32. axb5 axb5 33. Rxa8 Rxa8 34. cxb5 Kg5 35. Nd6 Ra2 36. Nc4 e4 37. b6 Nxb6 38. Nxb6 e3 39. Rc5+ Kg4 40. Rc4+ Kf3 41. Rf4+ Ke2 42. Nd5 Ra1+ 43. Kg2 exf2 44. Rxf2+ Kd3 45. Kf3 Kd4 46. Ne3 Ke5 47. Kg4 Ra4+ 48. Kg5 Ra8 49. Ng4+ Ke4 50. Rf4+ Kd5 51. Kf5 Kd6 52. Re4 Ra3 53. Re6+ Kd7 54. Ne5+ Kd8 55. g4 Ra1 56. g5 Rf1+ 57. Kg6 Rg1 58. Kh7 Rh1+ 59. Kg7 Rg1 60. Kf8 Rf1+ 61. Nf7+ Kd7 62. Re7+ Kc8 63. g6 1-0

[Event "Belgrade Spring op"]
[Site "Belgrade"]
[Date "2009.03.27"]
[Round "6"]
[White "Nikolovska, Dragana"]
[Black "Brankov, Kristina"]
[Result "0-1"]
[WhiteElo "1688"]
[BlackElo "1904"]
[PlyCount "106"]
[EventDate "2009.03.21"]
[EventType "swiss"]
[EventRounds "9"]
[EventCountry "YUG"]
[SourceTitle "CBM 129 Extra"]
[Source "ChessBase"]
[SourceDate "2009.05.05"]
[SourceVersion "2"]
[SourceVersionDate "2009.05.20"]
[SourceQuality "1"]

1. e4 c5 2. c3 d5 3. exd5 Qxd5 4. d4 g6 5. Nf3 cxd4 6. cxd4 Bg7 7. Nc3 Qd8 8. Bc4 e6 9. 0-0 Ne7 10. Bf4 a6 11. Qd2 b5 12. Bb3 Bb7 13. Ne5 Nbc6 14. Nxc6 Bxc6 15. Rfd1 Bd5 16. Nxd5 Nxd5 17. Bh6 0-0 18. Bxg7 Kxg7 19. Qd3 Qd6 20. Qf3 Rfd8 21. Rac1 Ra7 22. Rc2 Rc7 23. Rcd2 a5 24. a3 a4 25. Ba2 b4 26. Bxd5 Qxd5 27. Qe3 b3 28. h3 Rdc8 29. Qe5+ Qxe5 30. dxe5 Rc2 31. Kf1 g5 32. g4 R8c5 33. Re2 Rxe2 34. Kxe2 Rxe5+ 35. Kf3 Rd5 36. Ke2 Rc5 37. Rd2 Kf6 38. f3 Ke5 39. Ke3 Rd5 40. Re2 Rd1 41. Rh2 Re1+ 42. Kf2 Rc1 43. Ke3 f5 44. Re2 Rd1 45. Kf2+ Kd5 46. Re1 Rxe1 47. Kxe1 Kd4 48. Kd2 f4 49. Ke2 e5 50. Kd2 e4 51. fxe4 Kxe4 52. Ke2 f3+ 53. Kf2 Kf4 0-1

[Event "Belgrade Trophy 21st"]
[Site "Obrenovac"]
[Date "2008.11.28"]
[Round "2"]
[White "Milanko, Nikola"]
[Black "Brankov, Kristina"]
[Result "1-0"]
[WhiteElo "2095"]
[BlackElo "1896"]
[PlyCount "83"]
[EventDate "2008.11.27"]
[EventType "swiss"]
[EventRounds "9"]
[EventCountry "YUG"]
[SourceTitle "CBM 127 Extra"]
[Source "ChessBase"]
[SourceDate "2009.01.08"]
[SourceVersion "2"]
[SourceVersionDate "2009.01.28"]
[SourceQuality "1"]

1. e4 c5 2. c4 Nc6 3. Nc3 g6 4. f4 Bg7 5. Nf3 d6 6. h3 e6 7. d3 b6 8. Be3 Bb7 9. a3 Nge7 10. Be2 d5 11. Bf2 dxe4 12. dxe4 Nd4 13. 0-0 Nec6 14. e5 Nxf3+ 15. Bxf3 a6 16. Ne4 0-0 17. Nd6 Qc7 18. Nxb7 Qxb7 19. Qa4 Rfc8 20. Rad1 Bf8 21. Rd2 b5 22. cxb5 axb5 23. Qe4 Ra4 24. Qe3 Qc7 25. Bxc6 Qxc6 26. Rfd1 Qe4 27. Qxe4 Rxe4 28. Rd8 Rxd8 29. Rxd8 Kg7 30. Bh4 Rd4 31. Bf6+ Kg8 32. Rb8 Rd7 33. Rxb5 Rc7 34. Rb8 c4 35. Kf1 h6 36. Ke2 g5 37. fxg5 hxg5 38. Bxg5 f5 39. Bh6 c3 40. bxc3 Rxc3 41. Bxf8 Rc2+ 42. Kf3 1-0

[Event "Belgrade Spring op"]
[Site "Belgrade"]
[Date "2008.04.01"]
[Round "8"]
[White "Brankov, Kristina"]
[Black "Kosovac, Milan"]
[Result "0-1"]
[WhiteElo "1875"]
[BlackElo "2035"]
[PlyCount "116"]
[EventDate "2008.03.25"]
[EventType "swiss"]
[EventRounds "9"]
[EventCountry "YUG"]
[SourceTitle "CBM 123 Extra"]
[Source "ChessBase"]
[SourceDate "2008.05.06"]
[SourceVersion "1"]
[SourceVersionDate "2008.05.06"]
[SourceQuality "1"]

1. e4 d6 2. d4 Nf6 3. Nc3 c6 4. f4 g6 5. Nf3 Bg7 6. Bd3 Nbd7 7. e5 Nd5 8. Nxd5 cxd5 9. Qe2 0-0 10. 0-0 e6 11. Qf2 Nb6 12. Qg3 f5 13. a3 Bd7 14. Qf2 Kh8 15. g4 Bh6 16. g5 Bg7 17. h4 Be8 18. Bd2 Rf7 19. Kg2 Nc4 20. Bc3 Rc7 21. Rh1 Kg8 22. Nd2 a5 23. Nxc4 dxc4 24. Be2 Bc6+ 25. Bf3 Bxf3+ 26. Qxf3 Qd7 27. h5 Qc6 28. h6 Bf8 29. Qxc6 Rxc6 30. Rhe1 Kf7 31. Rad1 d5 32. a4 Bb4 33. Re3 Rb6 34. Bxb4 Rxb4 35. b3 Rc8 36. Rd2 Ke7 37. Kf2 Kd7 38. Ke2 cxb3 39. cxb3 Rc1 40. Rdd3 Rh1 41. Rf3 Rb1 42. Kd2 Rb2+ 43. Kc1 Re2 44. Kd1 Re4 45. Kc2 Rexd4 46. Rxd4 Rxd4 47. Kc3 Re4 48. Kd3 Kc6 49. Rf2 Rb4 50. Kc2 b5 51. axb5+ Rxb5 52. Rf3 Rc5+ 53. Kb2 d4 54. Ka3 Kd5 55. Ka4 Ke4 56. Rf1 d3 57. b4 axb4 58. Kxb4 Rc7 0-1